LIBRARY & INFORMATION CENTRE, KCAET, TAVANUR

ONLINE PUBLIC ACCESS CATALOGUE (OPAC)

Mechanical Technology, Vol 2 / (Record no. 1801)

MARC details
000 -LEADER
fixed length control field 00500cam a2200205ua 4500
041 ## - LANGUAGE CODE
Language code of text/sound track or separate title eng
082 ## - DEWEY DECIMAL CLASSIFICATION NUMBER
Classification number 671.3
Item number PAT/ME
100 ## - MAIN ENTRY--AUTHOR NAME
Personal name Patel, K.H .
245 ## - TITLE STATEMENT
Title Mechanical Technology, Vol 2 /
250 ## - EDITION STATEMENT
Edition statement 4 /
260 ## - PUBLICATION, DISTRIBUTION, ETC. (IMPRINT)
Place of publication Baroda :
Name of publisher Acharya book Depot ,
Year of publication 1966.
300 ## - PHYSICAL DESCRIPTION
Number of Pages 496 :
Other physical details ` ; .
700 1# - ADDED ENTRY--PERSONAL NAME
Personal name Patel, R.C .
700 1# - ADDED ENTRY--PERSONAL NAME
Personal name Sheth, S.C .
942 ## - ADDED ENTRY ELEMENTS (KOHA)
Koha item type Books
Holdings
Withdrawn status Lost status Damaged status Home library Current library Date acquired Full call number Accession Number Koha item type
      KAUAET KAUAET 07/04/2012 671.3 12876 Books
free website counter